| 000 | 00393cam a2200145ua 4500 | ||
|---|---|---|---|
| 041 |
_aeng _h |
||
| 082 |
_a328.8043 _bDEA/ NE |
||
| 100 | _aDean Micheles vera, . | ||
| 245 |
_aNew patterns of democracy in India / _cDean Micheles vera. _hTextual Documents |
||
| 260 |
_aCambridge : _bHarvard university press , _c1959. |
||
| 300 | _a ; . | ||
| 504 | _a | ||
| 942 | _cBK | ||
| 999 |
_c2289 _d2289 |
||